MySQL: пер. с англ.

Detalles Bibliográficos
Autor principal: Дюбуа П. Поль
Sumario:Книга известного профессионала в области баз данных посвящена новым версиям самой популярной в настоящее время базы данных, рассчитанной на широкий круг пользователей, — MySQL. Подробно рассматриваются такие вопросы, как установка и конфигурирование MySQL, выполнение повседневных задач и улучшение производительности. Па примере тестовых баз данных автор приводит решения проблем, с которыми читатель обязательно должен столкнуться при практическом использовании реляционной СУБД MySQL. Читатель получит навыки интеграции MySQL с такими программными средствами, разработанными сторонними компаниями, как компиляторы языков РНР и Perl, позволяющими создавать с помощью запросов к базе данных динамические Web-страницы. Кроме того, здесь приведен обширный справочный материал, посвященный таким темам, как типы столбцов, операторы, функции, синтаксические конструкции языка SQL, интерфейсам С API, Perl DBI и PHP API. В книге уделено особое внимание доработкам и дополнениям, появившимся в версиях 4.1 и 5.0. Книга рассчитана на пользователей, администраторов и разработчиков систем клиент/сервер на основе MySQL.
Lenguaje:ruso
Publicado: Москва, Вильямс, 2007
Edición:3-е изд.
Materias:
Formato: Libro
KOHA link:https://koha.lib.tpu.ru/cgi-bin/koha/opac-detail.pl?biblionumber=133040

MARC

LEADER 00000nam0a2200000 4500
001 133040
005 20231031135206.0
010 |a 5845911192 
035 |a (RuTPU)RU\TPU\book\144057 
090 |a 133040 
100 |a 20080312d2007 km y0rusy50 ca 
101 1 |a rus  |c eng 
102 |a RU 
105 |a a z 001zy 
200 1 |a MySQL  |e пер. с англ.  |f П. Дюбуа 
205 |a 3-е изд. 
210 |a Москва  |c Вильямс  |d 2007 
215 |a 1168 с.  |c ил. 
320 |a Предметный указатель: с. 1153-1167. 
330 |a Книга известного профессионала в области баз данных посвящена новым версиям самой популярной в настоящее время базы данных, рассчитанной на широкий круг пользователей, — MySQL. Подробно рассматриваются такие вопросы, как установка и конфигурирование MySQL, выполнение повседневных задач и улучшение производительности. Па примере тестовых баз данных автор приводит решения проблем, с которыми читатель обязательно должен столкнуться при практическом использовании реляционной СУБД MySQL. Читатель получит навыки интеграции MySQL с такими программными средствами, разработанными сторонними компаниями, как компиляторы языков РНР и Perl, позволяющими создавать с помощью запросов к базе данных динамические Web-страницы. Кроме того, здесь приведен обширный справочный материал, посвященный таким темам, как типы столбцов, операторы, функции, синтаксические конструкции языка SQL, интерфейсам С API, Perl DBI и PHP API. В книге уделено особое внимание доработкам и дополнениям, появившимся в версиях 4.1 и 5.0. Книга рассчитана на пользователей, администраторов и разработчиков систем клиент/сервер на основе MySQL. 
610 1 |a базы данных 
610 1 |a СУБД 
610 1 |a система управления базами данных 
610 1 |a SQL 
610 1 |a MySQL 
610 1 |a программирование 
610 1 |a безопасность 
610 1 |a восстановление 
610 1 |a резервное копирование 
610 1 |a программный интерфейс 
675 |a 681.3.016  |v 3 
700 1 |a Дюбуа  |b П.  |g Поль 
801 1 |a RU  |b 63413507  |c 20080312  |g PSBO 
801 2 |a RU  |b 63413507  |c 20160114  |g RCR 
900 |a Базы данных 
900 |a Базы и банки данных 
942 |c BK 
959 |a 29/20080306  |d 2  |e 587,00  |f АНЛ:1  |f ЧЗТЛ:1